مكتبة جامعة عجلون الوطنية

فهرس بحث المكتبة

المسؤولية الجنائية لإدارة مواقع ومنصات التواصل الالكترونية : (دراسة تحليلية) = Criminal Responsibility of Managing Electronic Websites and Social Media Platforms : (An Analytical Study) / (Record no. 33917)

MARC details
000 -LEADER
fixed length control field 01161nam a22002057a 4500
003 - CONTROL NUMBER IDENTIFIER
control field JO-AjAnu
005 - DATE AND TIME OF LATEST TRANSACTION
control field 20250714130047.0
008 - FIXED-LENGTH DATA ELEMENTS--GENERAL INFORMATION
fixed length control field 250713b jo ||||| |||| 00| 0 ara d
040 ## - CATALOGING SOURCE
Original cataloging agency JO-AjAnu
Language of cataloging ara
Transcribing agency JO-AjAnu
Modifying agency JO-AjAnu
Description conventions rda
041 ## - LANGUAGE CODE
Language code of text/sound track or separate title ara
Language code of librettos ara
Language code of original ara
050 ## - LIBRARY OF CONGRESS CALL NUMBER
Classification number KMM115.2
Item number 2025
100 #1 - MAIN ENTRY--PERSONAL NAME
Personal name المومني، ابراهيم عاطف محمود
Relator term معد
9 (RLIN) 66545
245 #0 - TITLE STATEMENT
Title المسؤولية الجنائية لإدارة مواقع ومنصات التواصل الالكترونية : (دراسة تحليلية) = Criminal Responsibility of Managing Electronic Websites and Social Media Platforms : (An Analytical Study) /
Statement of responsibility, etc. اعداد ابراهيم عاطف محمود المومني ؛ اشراف هاشم بلص
260 ## - PUBLICATION, DISTRIBUTION, ETC.
Date of publication, distribution, etc. 2025
300 ## - PHYSICAL DESCRIPTION
Extent 124 ورقة
504 ## - BIBLIOGRAPHY, ETC. NOTE
Bibliography, etc. note رسالة جامعية(رسالة ماجستير) - جامعة عجلون الوطنية، (عجلون، الاردن) كلية الحقوق، قسم القانون، 2025.
650 #0 - SUBJECT ADDED ENTRY--TOPICAL TERM
Topical term or geographic name entry element القانون الجنائي-الانترنت-قوانين وتشريعات-الاردن.
9 (RLIN) 66546
700 #0 - ADDED ENTRY--PERSONAL NAME
Personal name بلص، هاشم احمد
Relator term مشرف
9 (RLIN) 66044
942 ## - ADDED ENTRY ELEMENTS (KOHA)
Source of classification or shelving scheme Library of Congress Classification
Koha item type Thesis
Suppress in OPAC No
Holdings
Withdrawn status Lost status Source of classification or shelving scheme Damaged status Not for loan Home library Current library Date acquired Total Checkouts Full call number Barcode Date last seen Price effective from Koha item type
    Library of Congress Classification     مكتبة جامعة عجلون الوطنية مكتبة جامعة عجلون الوطنية 13/07/2025   KMM115.2 2025 a30262 13/07/2025 13/07/2025 Thesis
    Library of Congress Classification     مكتبة جامعة عجلون الوطنية مكتبة جامعة عجلون الوطنية 13/07/2025   KMM115.2 2025 a30261 13/07/2025 13/07/2025 Thesis